000 004640000a22001810004500
041 0 _aENG
082 0 4 _aG 277 M4681r
100 1 _aMayer, F. E. (1892-1954)
245 1 0 _aThe religious bodies of America / F. E. Mayer
250 _a4
260 _aSaint Louis, MO., USA : Concordia
300 _aXIII, 598 Pag
001 8533
942 _cBK
999 _c38672
_d38672
336 _atexto
_btxt
_2rdacontent
337 _2rdamedia
_asin mediación
_bn
338 _2rdacarrier
_avolumen
_bnc